Capital of the largest bordering country - Statistics

General Stats
  • This quiz has been taken 24 times
  • The average score is 9 of 10
Answer Stats
Hint Answer % Correct
Tunisia Algiers
100%
Kazakhstan Moscow
100%
France Brasilia
94%
South Korea Pyongyang
94%
Oman Riyadh
94%
Haiti Santo Domingo
94%
Mexico Washington
94%
Laos Beijing
89%
Denmark Ottawa
83%
Netherlands Paris
78%
No matching quizzes found
Score Distribution
Percent of People with Each Score
Percentile by Number Answered
Your Score History
You have not taken this quiz